Social status public health (Record no. 442767)

000 -LEADER
fixed length control field 00352cam a22001217a 4500
008 - FIXED-LENGTH DATA ELEMENTS--GENERAL INFORMATION
fixed length control field 180718b1958 xxu||||| |||| 00| 0 eng d
082 ## - DEWEY DECIMAL CLASSIFICATION NUMBER
Classification number Ox73 Si13
100 ## - MAIN ENTRY--PERSONAL NAME
Personal name Simmons G. ozzie
245 ## - TITLE STATEMENT
Title Social status public health
Statement of responsibility, etc. by Ozzie g.simmons
260 ## - PUBLICATION, DISTRIBUTION, ETC.
Place of publication, distribution, etc. new york
Name of publisher, distributor, etc. Social science search council health
Date of publication, distribution, etc. 1958
300 ## - PHYSICAL DESCRIPTION
Extent 34p.
650 ## - SUBJECT ADDED ENTRY--TOPICAL TERM
Topical term or geographic name entry element Public health
Holdings
Withdrawn status Lost status Damaged status Not for loan Permanent Location Current Location Date acquired Full call number Barcode Date last seen Price effective from Koha item type
        Indian Institute of Public Administration Indian Institute of Public Administration 2012-06-04 Ox73 Si13 30180 2018-07-21 2018-07-21 Book

Powered by Koha